ბათუმის შოთა რუსთაველის სახელმწიფო უნივერსიტეტის ბიბლიოთეკა

Cultural Heritage Management A Global Perspeqtive (ბიბ.ჩანაწერი № 45280)

000 -LEADER
fixed length control field 00576nam a2200217Ia 4500
001 - CONTROL NUMBER
control field 12104
003 - CONTROL NUMBER IDENTIFIER
control field GE_BSU
008 - FIXED-LENGTH DATA ELEMENTS--GENERAL INFORMATION
fixed length control field 181216s||||||||xx |||||||||||||| ||und||
020 ## - INTERNATIONAL STANDARD BOOK NUMBER
International Standard Book Number 9780813034607
040 ## - CATALOGING SOURCE
Transcribing agency GE_BSU
080 ## - UNIVERSAL DECIMAL CLASSIFICATION NUMBER
Universal Decimal Classification number 005.8
245 ## - TITLE STATEMENT
Title Cultural Heritage Management A Global Perspeqtive
245 ## - TITLE STATEMENT
Statement of responsibility, etc. Edited by Phillis Mauh Messenger And George S. Smith
260 ## - PUBLICATION, DISTRIBUTION, ETC.
Place of publication, distribution, etc. Gaineswill
260 ## - PUBLICATION, DISTRIBUTION, ETC.
Name of publisher, distributor, etc. University Press
260 ## - PUBLICATION, DISTRIBUTION, ETC.
Date of publication, distribution, etc. 2010
300 ## - PHYSICAL DESCRIPTION
Extent 319p.ill.25cm.
653 ## - INDEX TERM--UNCONTROLLED
Uncontrolled term Cultural Heritage Management A Global Perspeqtive
942 ## - ADDED ENTRY ELEMENTS (KOHA)
Koha item type წიგნი
ეგზემპლარები
Withdrawn status Lost status Damaged status Not for loan Date acquired Barcode Date last seen Price effective from Koha item type
        2018-12-17 35921 2018-12-17 2018-12-17 წიგნი